[Event "Tata Steel IND Blitz Open"]
[Site "Kolkata IND"]
[Date "2023.09.08"]
[Round "9.4"]
[White "Abdusattorov, Nodirbek"]
[Black "Vidit, Santosh Gujrathi"]
[Result "1-0"]
[WhiteTitle "GM"]
[BlackTitle "GM"]
[WhiteElo "2716"]
[BlackElo "2716"]
[WhiteFideId "14204118"]
[BlackFideId "5029465"]
[EventDate "2023.09.08"]

1. Nf3 Nf6 2. c4 e6 3. d4 d5 4. g3 Be7 5. Bg2 O-O 6. Qd3 c5 7. O-O cxd4 8. cxd5
Nxd5 9. Nxd4 Nc6 10. Nxc6 bxc6 11. Nc3 a5 12. Rd1 Ba6 13. Qc2 Qb6 14. Bd2 Rab8
15. b3 Bf6 16. Bf3 Nb4 17. Qe4 c5 18. Na4 Qa7 19. Bc3 Bxc3 20. Nxc3 c4 21. bxc4
Rfc8 22. a3 Rxc4 23. Qe5 Nc6 24. Bxc6 Rxc6 25. Qxa5 Qc7 26. Qxc7 Rxc7 27. Rdc1
Kf8 28. a4 Rbc8 29. Ra3 Rc5 30. f3 Ra5 31. Kf2 Rc4 32. Rb1 Rac5 33. Ne4 Rc6 34.
Rb2 Ke7 35. a5 Rc2 36. Rxc2 Rxc2 37. Nc3 Bc4 38. Ke1 e5 39. Kd1 Rb2 40. a6 Rb8
41. a7 Ra8 42. Kd2 Kd6 43. Ne4+ Kc6 44. Ra5 Kb6 45. Rxe5 Rxa7 46. Ke3 h6 47. Nc3
Kc6 48. Kd4 Be6 49. e4 Rb7 50. Rc5+ Kd7 51. f4 f6 52. Ra5 Rb4+ 53. Kd3 Ke7 54.
Ra7+ Kf8 55. Nd5 Rb2 56. Ra8+ Kf7 57. Ra7+ Kf8 58. Nc7 Bf7 59. e5 fxe5 60. fxe5
Rxh2 61. e6 Bg6+ 62. Kd4 Re2 63. Kc5 Bf5 64. Kd6 Kg8 65. e7 Bg6 66. Ra8+ Kh7 67.
Ne6 Bf7 68. Nf8+ Kg8 69. Nd7+ Kh7 70. Ne5 Rd2+ 71. Kc7 Re2 72. Kd6 Rd2+ 73. Kc6
Re2 74. Ra5 Be8+ 75. Kc7 Rd2 76. g4 g5 77. Ra8 Bb5 78. Rb8 Ba4 79. Nc6 Re2 80.
e8=Q 1-0

[Event "Tata Steel IND Blitz Open"]
[Site "Kolkata IND"]
[Date "2023.09.08"]
[Round "9.5"]
[White "Harikrishna, Pentala"]
[Black "Grischuk, Alexander"]
[Result "1/2-1/2"]
[WhiteTitle "GM"]
[BlackTitle "GM"]
[WhiteElo "2711"]
[BlackElo "2732"]
[WhiteFideId "5007003"]
[BlackFideId "4126025"]
[EventDate "2023.09.08"]

1. d4 Nf6 2. Nf3 d5 3. e3 c5 4. Be2 Nc6 5. O-O Bg4 6. dxc5 e6 7. c4 dxc4 8. Na3
Bxc5 9. Nxc4 O-O 10. b3 Qe7 11. Bb2 Rfd8 12. Qc1 Rac8 13. Rd1 Nd5 14. e4 Nb6 15.
Qf4 Bxf3 16. Qxf3 Nd4 17. Bxd4 Bxd4 18. Nxb6 Bxb6 19. Rxd8+ Rxd8 20. Rd1 g6 21.
g3 Rxd1+ 22. Bxd1 Qc5 23. Kg2 Qd4 24. Be2 Kg7 25. h4 h5 26. Bb5 Bc5 1/2-1/2

[Event "Tata Steel IND Blitz Open"]
[Site "Kolkata IND"]
[Date "2023.09.09"]
[Round "10.1"]
[White "Vachier-Lagrave, Maxime"]
[Black "Grischuk, Alexander"]
[Result "1/2-1/2"]
[WhiteTitle "GM"]
[BlackTitle "GM"]
[WhiteElo "2727"]
[BlackElo "2732"]
[WhiteFideId "623539"]
[BlackFideId "4126025"]
[EventDate "2023.09.08"]

1. c4 Nf6 2. Nc3 e5 3. Nf3 Nc6 4. g3 Bb4 5. Bg2 O-O 6. Nd5 d6 7. Nxb4 Nxb4 8.
O-O c5 9. d3 h6 10. a3 Nc6 11. b4 cxb4 12. axb4 Nxb4 13. Ba3 Nc6 14. Qa4 Re8 15.
Rfb1 e4 16. dxe4 Nxe4 17. Qc2 Bf5 18. Qc1 b6 19. Rb5 Bh7 20. Rd5 Rc8 21. Bh3 Rc7
22. Bxd6 Nxd6 23. Qd1 Qe7 24. Rxd6 Rd8 25. Rxd8+ Nxd8 26. e3 Be4 27. Nd2 Ba8 28.
Bg2 Bxg2 29. Kxg2 Ne6 30. Qc2 Nc5 31. Nf3 Qe4 32. Qxe4 Nxe4 33. Nd4 a5 34. Rb1
Rxc4 35. Rxb6 Rb4 36. Ra6 Rb2 37. Rxa5 Rxf2+ 38. Kg1 Rb2 39. Re5 Nf6 40. h3 g6
41. g4 Ra2 1/2-1/2

[Event "Tata Steel IND Blitz Open"]
[Site "Kolkata IND"]
[Date "2023.09.09"]
[Round "10.2"]
[White "Harikrishna, Pentala"]
[Black "Vidit, Santosh Gujrathi"]
[Result "1-0"]
[WhiteTitle "GM"]
[BlackTitle "GM"]
[WhiteElo "2711"]
[BlackElo "2716"]
[WhiteFideId "5007003"]
[BlackFideId "5029465"]
[EventDate "2023.09.08"]

1. d4 Nf6 2. Nf3 e6 3. c3 c5 4. Bg5 h6 5. Bxf6 Qxf6 6. e4 d6 7. Bb5+ Nd7 8. e5
Qd8 9. d5 exd5 10. Qxd5 a6 11. Ba4 Qa5 12. Bb3 dxe5 13. O-O f6 14. Rd1 Kd8 15.
Nh4 Be7 16. Qf7 c4 17. Bxc4 Qc5 18. Be6 g5 19. Nf5 Rf8 20. Qg7 Re8 21. Na3 Kc7
22. Qf7 Kd8 23. Rxd7+ Bxd7 24. Rd1 Kc7 25. Rxd7+ Kb6 26. Nc4+ Ka7 27. Nxe7 Red8
28. Nf5 Rxd7 29. Qxd7 h5 30. h3 Rb8 31. b4 Qc6 32. Qxc6 bxc6 33. a4 Rd8 34. Ncd6
Kb6 35. a5+ Kc7 36. Ne4 Rd1+ 37. Kh2 Rc1 38. g4 h4 39. Kg2 Kd8 40. Bc4 Kc7 41.
Bxa6 c5 42. bxc5 Ra1 43. Nxf6 Rxa5 44. Be2 Rxc5 45. Ne4 Rc6 46. c4 Rg6 47. c5
Kd7 48. Bb5+ Kc7 49. Ne7 Rg7 50. Nd5+ Kb8 51. c6 Ra7 52. c7+ Kb7 53. Nd6+ 1-0

[Event "Tata Steel IND Blitz Open"]
[Site "Kolkata IND"]
[Date "2023.09.09"]
[Round "10.3"]
[White "Abdusattorov, Nodirbek"]
[Black "Gukesh, D"]
[Result "1-0"]
[WhiteTitle "GM"]
[BlackTitle "GM"]
[WhiteElo "2716"]
[BlackElo "2758"]
[WhiteFideId "14204118"]
[BlackFideId "46616543"]
[EventDate "2023.09.08"]

1. d4 Nf6 2. c4 e6 3. Nf3 d5 4. g3 dxc4 5. Bg2 a6 6. O-O Nc6 7. Be3 Nd5 8. Bg5
Be7 9. Bxe7 Ndxe7 10. Nc3 O-O 11. e3 b5 12. Ne4 Rb8 13. Rc1 Nb4 14. Qd2 Nd3 15.
Rc2 Bb7 16. Ne1 Nxe1 17. Rxe1 Nf5 18. b3 Nd6 19. Nc5 Bxg2 20. Kxg2 Rb6 21. Qe2
Qe7 22. Qf3 Rd8 23. Rd1 h6 24. h4 a5 25. h5 cxb3 26. axb3 Nf5 27. Rdc1 Rd5 28.
Nd3 Qg5 29. Kf1 c6 30. Rxc6 Rxc6 31. Rxc6 Qd8 32. Ne5 a4 33. bxa4 bxa4 34. e4
Rxe5 35. dxe5 Nd4 36. Rd6 1-0

[Event "Tata Steel IND Blitz Open"]
[Site "Kolkata IND"]
[Date "2023.09.09"]
[Round "10.5"]
[White "Praggnanandhaa, R"]
[Black "Radjabov, Teimour"]
[Result "1-0"]
[WhiteTitle "GM"]
[BlackTitle "GM"]
[WhiteElo "2727"]
[BlackElo "2745"]
[WhiteFideId "25059530"]
[BlackFideId "13400924"]
[EventDate "2023.09.08"]

1. e4 e5 2. Nf3 Nc6 3. Bc4 Bc5 4. d3 Nf6 5. Nc3 h6 6. a3 a6 7. Be3 d6 8. Bxc5
dxc5 9. Nd5 Qd6 10. Ne3 O-O 11. O-O Nd4 12. Nh4 b5 13. Ba2 g5 14. Nf3 Rd8 15. a4
Rb8 16. Nd2 Kg7 17. Re1 Bd7 18. Ndf1 Be6 19. Ng3 Qd7 20. h4 Bxa2 21. Rxa2 Qe6
22. Ra1 c4 23. axb5 axb5 24. Nef5+ Nxf5 25. Nxf5+ Kg6 26. Qf3 Rd7 27. hxg5 hxg5
28. Qh3 Ng8 29. g4 1-0

[Event "Tata Steel IND Blitz Open"]
[Site "Kolkata IND"]
[Date "2023.09.09"]
[Round "11.1"]
[White "Radjabov, Teimour"]
[Black "Keymer, Vincent"]
[Result "1-0"]
[WhiteTitle "GM"]
[BlackTitle "GM"]
[WhiteElo "2745"]
[BlackElo "2717"]
[WhiteFideId "13400924"]
[BlackFideId "12940690"]
[EventDate "2023.09.08"]

1. d4 Nf6 2. Nf3 e6 3. Nc3 d5 4. Bg5 Be7 5. e3 Nbd7 6. Bd3 h6 7. Bh4 O-O 8. O-O
b6 9. Ne5 Nxe5 10. dxe5 Nd7 11. Bg3 Nc5 12. Qg4 Nxd3 13. cxd3 Bb7 14. Ne2 c5 15.
Rad1 Rc8 16. Nf4 Kh7 17. Nh5 g6 18. Nf4 d4 19. e4 c4 20. dxc4 Rxc4 21. Nd3 Qd7
22. f3 Rc2 23. Rf2 Rfc8 24. Bf4 Ba6 25. h4 Rxf2 26. Nxf2 Be2 27. Rd2 d3 28. Be3
Rc2 29. Qf4 Bf8 30. Ng4 Qc7 31. Kh2 Rxd2 32. Bxd2 Bg7 33. Nf6+ Kh8 34. Bc3 b5
35. Ne8 Qe7 36. Nxg7 Kxg7 37. Bd2 Qc7 38. Qf6+ Kh7 39. Bxh6 Qc8 40. Qg7# 1-0

[Event "Tata Steel IND Blitz Open"]
[Site "Kolkata IND"]
[Date "2023.09.09"]
[Round "11.2"]
[White "Praggnanandhaa, R"]
[Black "Vachier-Lagrave, Maxime"]
[Result "1/2-1/2"]
[WhiteTitle "GM"]
[BlackTitle "GM"]
[WhiteElo "2727"]
[BlackElo "2727"]
[WhiteFideId "25059530"]
[BlackFideId "623539"]
[EventDate "2023.09.08"]

1. Nf3 d5 2. g3 g6 3. Bg2 Bg7 4. d4 Nf6 5. O-O O-O 6. c4 c6 7. Qa4 Nfd7 8. Qb3
a5 9. cxd5 a4 10. Qd1 cxd5 11. Nc3 Nb6 12. Bf4 Nc6 13. Rc1 Bf5 14. b3 axb3 15.
axb3 Qd7 16. Qd2 Be4 17. Nxe4 dxe4 18. Ne5 Nxe5 19. dxe5 Qxd2 20. Bxd2 Ra2 21.
Rfd1 Bxe5 22. Bxe4 Rb2 23. Rb1 Rd8 24. Bd3 Nd5 25. Be1 Rxb1 26. Rxb1 Nc3 27. Rb2
Bf6 28. Rc2 Rc8 29. Kg2 e6 30. f4 Rc6 31. e4 Bd4 32. Kf3 f5 33. exf5 gxf5 34. b4
Kf7 35. b5 Rc5 36. h3 h5 37. Bxc3 Rxc3 38. Rxc3 Bxc3 1/2-1/2

[Event "Tata Steel IND Blitz Open"]
[Site "Kolkata IND"]
[Date "2023.09.09"]
[Round "11.4"]
[White "Gukesh, D"]
[Black "Harikrishna, Pentala"]
[Result "1-0"]
[WhiteTitle "GM"]
[BlackTitle "GM"]
[WhiteElo "2758"]
[BlackElo "2711"]
[WhiteFideId "46616543"]
[BlackFideId "5007003"]
[EventDate "2023.09.08"]

1. d4 d5 2. Bf4 c5 3. e3 cxd4 4. exd4 Nc6 5. c3 Bf5 6. Nd2 e6 7. Ngf3 Bd6 8.
Bxd6 Qxd6 9. a4 Nge7 10. Be2 O-O 11. O-O h6 12. Re1 Ng6 13. Bf1 Rfe8 14. a5 b6
15. axb6 axb6 16. Qb3 Qc7 17. g3 Ra5 18. Ra4 Rea8 19. Rea1 Nge7 20. Bb5 Nd8 21.
Rxa5 Rxa5 22. Rxa5 bxa5 23. Qa3 Nb7 24. Nb3 Bc2 25. Nc5 Nd6 26. Bf1 Nc6 27. b4
axb4 28. cxb4 Qa7 29. Qc3 Ba4 30. Nxa4 Qxa4 31. b5 Na5 32. Qc7 Ndc4 33. b6 Qb3
34. Ne5 Nxe5 35. dxe5 d4 36. Qd8+ Kh7 37. Qxd4 Qb1 38. Qd3+ Qxd3 39. Bxd3+ 1-0

[Event "Tata Steel IND Blitz Open"]
[Site "Kolkata IND"]
[Date "2023.09.09"]
[Round "11.5"]
[White "Vidit, Santosh Gujrathi"]
[Black "Grischuk, Alexander"]
[Result "0-1"]
[WhiteTitle "GM"]
[BlackTitle "GM"]
[WhiteElo "2716"]
[BlackElo "2732"]
[WhiteFideId "5029465"]
[BlackFideId "4126025"]
[EventDate "2023.09.08"]

1. d4 Nf6 2. c4 e6 3. Nc3 Bb4 4. e3 O-O 5. Bd3 d5 6. cxd5 exd5 7. Ne2 Re8 8. O-O
Bd6 9. Bd2 b6 10. Nf4 Bb7 11. Qf3 c5 12. Rad1 Na6 13. Rfe1 Nc7 14. Bc1 Qe7 15.
Nb5 Nxb5 16. Bxb5 Red8 17. b3 a6 18. Bd3 c4 19. Bb1 b5 20. bxc4 bxc4 21. Qh3 h6
22. Bd2 a5 23. Qf3 Bb4 24. Ne2 Ne4 25. Bxe4 dxe4 26. Qg4 Ra6 27. Nc3 Rg6 28. Qe2
Bc8 29. Kh1 Qh4 30. f3 exf3 31. gxf3 Bb7 32. Rg1 Qh3 33. Rdf1 Rxg1+ 34. Kxg1 Rd6
35. Be1 Rg6+ 36. Kh1 Bd6 0-1

[Event "Tata Steel IND Blitz Open"]
[Site "Kolkata IND"]
[Date "2023.09.09"]
[Round "12.1"]
[White "Grischuk, Alexander"]
[Black "Gukesh, D"]
[Result "1-0"]
[WhiteTitle "GM"]
[BlackTitle "GM"]
[WhiteElo "2732"]
[BlackElo "2758"]
[WhiteFideId "4126025"]
[BlackFideId "46616543"]
[EventDate "2023.09.08"]

1. d4 Nf6 2. c4 e6 3. Bg5 d5 4. e3 Be7 5. Nc3 O-O 6. Qc2 h6 7. Bh4 Nbd7 8. cxd5
exd5 9. Bd3 c6 10. Nf3 Re8 11. O-O Ne4 12. Bxe4 Bxh4 13. Bh7+ Kh8 14. Bd3 Be7
15. Rae1 Nf6 16. Ne5 Kg8 17. a3 Bd6 18. f4 a5 19. h3 c5 20. Qf2 Be6 21. g4 Rf8
22. Kh1 Rc8 23. Rg1 cxd4 24. exd4 Ne4 25. Nxe4 dxe4 26. Bxe4 Bxe5 27. dxe5 Bd5
28. Qg2 Bxe4 29. Qxe4 Qb6 30. g5 hxg5 31. Rxg5 Qc6 32. Qxc6 Rxc6 33. Reg1 g6 34.
f5 Kh7 35. e6 fxe6 36. fxg6+ Kg7 37. Rh5 Rh8 38. Rxh8 Kxh8 39. Kh2 Kg7 40. h4
Rc5 41. Kh3 b5 42. Rg5 Rxg5 43. hxg5 Kxg6 44. Kg4 e5 45. b3 a4 46. b4 e4 47. Kf4
e3 48. Kxe3 1-0

[Event "Tata Steel IND Blitz Open"]
[Site "Kolkata IND"]
[Date "2023.09.09"]
[Round "12.3"]
[White "Vachier-Lagrave, Maxime"]
[Black "Vidit, Santosh Gujrathi"]
[Result "1-0"]
[WhiteTitle "GM"]
[BlackTitle "GM"]
[WhiteElo "2727"]
[BlackElo "2716"]
[WhiteFideId "623539"]
[BlackFideId "5029465"]
[EventDate "2023.09.08"]

1. Nf3 d5 2. g3 g6 3. Bg2 Bg7 4. d4 Nf6 5. O-O O-O 6. c4 c6 7. Ne5 dxc4 8. Nxc4
Be6 9. Ne5 Nbd7 10. Nd3 Bd5 11. Nc3 Bxg2 12. Kxg2 Qb6 13. Qa4 c5 14. Be3 cxd4
15. Bxd4 Qd6 16. Rfd1 Nb6 17. Qb4 Qc6+ 18. Kg1 Nfd5 19. Nxd5 Nxd5 20. Qc5 Rfc8
21. Bxg7 Kxg7 22. Qd4+ Nf6 23. Nf4 Qc4 24. Qe5 Qc7 25. Qb5 a6 26. Qb4 Rd8 27.
Rdc1 Qd7 28. Nd3 b5 29. Rc5 Qd4 30. Qxd4 Rxd4 31. Rac1 Nd5 32. a3 Rd8 33. Rc6 a5
34. R1c5 Rb8 35. Ra6 b4 36. Raxa5 bxa3 37. bxa3 Nf6 38. Rc7 Nd5 39. Rcc5 Nf6 40.
Kg2 Rb1 41. Ra7 Re4 42. Re5 Rxe5 43. Nxe5 Kf8 44. Nc6 Rb2 45. Rxe7 Rc2 46. Nb4
Rd2 47. Re3 Ng4 48. Rd3 Rb2 49. h3 Ne5 50. Re3 Nc4 51. Rc3 Nd6 52. Kf3 Nb5 53.
Rc8+ Kg7 54. Nd3 Nd4+ 55. Ke4 Nxe2 56. Nxb2 1-0

[Event "Tata Steel IND Blitz Open"]
[Site "Kolkata IND"]
[Date "2023.09.09"]
[Round "12.4"]
[White "Abdusattorov, Nodirbek"]
[Black "Radjabov, Teimour"]
[Result "1-0"]
[WhiteTitle "GM"]
[BlackTitle "GM"]
[WhiteElo "2716"]
[BlackElo "2745"]
[WhiteFideId "14204118"]
[BlackFideId "13400924"]
[EventDate "2023.09.08"]

1. e4 e5 2. Nf3 Nc6 3. Bc4 Bc5 4. d3 Nf6 5. Nc3 h6 6. O-O a6 7. Be3 Bxe3 8. fxe3
d6 9. a3 Be6 10. Nd2 O-O 11. Nd5 Bxd5 12. exd5 Nb8 13. a4 a5 14. Nb1 Nbd7 15.
Nc3 Qe7 16. Qe1 Nh7 17. Qg3 Kh8 18. e4 g6 19. Nb5 Nc5 20. Rf2 Rg8 21. Qh3 h5 22.
Raf1 Rg7 23. b3 Rf8 24. Qe3 b6 25. Na7 Qg5 26. Qxg5 Nxg5 27. Nb5 Na6 28. Nxd6
cxd6 29. Bxa6 h4 30. c3 Rd8 31. Re1 Kg8 32. d4 Re8 33. Bb5 Re7 34. Rf6 exd4 35.
Rxd6 dxc3 36. Rc6 Rxe4 37. Rd1 h3 38. d6 Ne6 39. Rxc3 1-0

[Event "Tata Steel IND Blitz Open"]
[Site "Kolkata IND"]
[Date "2023.09.09"]
[Round "12.5"]
[White "Keymer, Vincent"]
[Black "Praggnanandhaa, R"]
[Result "0-1"]
[WhiteTitle "GM"]
[BlackTitle "GM"]
[WhiteElo "2717"]
[BlackElo "2727"]
[WhiteFideId "12940690"]
[BlackFideId "25059530"]
[EventDate "2023.09.08"]

1. c4 Nf6 2. Nf3 Nc6 3. d4 e6 4. a3 g6 5. Nc3 Bg7 6. Bf4 d6 7. e3 O-O 8. h3 Qe8
9. Bh2 e5 10. d5 Nb8 11. Be2 a5 12. O-O Na6 13. Nd2 Bd7 14. b3 Qe7 15. Rb1 Nc5
16. Qc2 Rfe8 17. Rfc1 e4 18. b4 axb4 19. axb4 Na4 20. Nxa4 Bxa4 21. Nb3 Ra7 22.
Bg3 h6 23. Qd2 Bxb3 24. Rxb3 Rea8 25. c5 Ra2 26. Rc2 Ra1+ 27. Kh2 Nd7 28. cxd6
cxd6 29. Rc7 Be5 30. Bb5 Bxg3+ 31. fxg3 R8a2 32. Rb2 Rxb2 33. Qxb2 Qf6 34. Qxf6
Nxf6 35. Rxb7 Nxd5 36. Bc4 Nxe3 37. Bxf7+ Kf8 38. g4 Nf1+ 39. Kg1 e3 40. Bc4
Nd2+ 41. Kh2 Nxc4 0-1

[Event "Tata Steel IND Blitz Open"]
[Site "Kolkata IND"]
[Date "2023.09.09"]
[Round "13.1"]
[White "Praggnanandhaa, R"]
[Black "Abdusattorov, Nodirbek"]
[Result "0-1"]
[WhiteTitle "GM"]
[BlackTitle "GM"]
[WhiteElo "2727"]
[BlackElo "2716"]
[WhiteFideId "25059530"]
[BlackFideId "14204118"]
[EventDate "2023.09.08"]

1. e4 e5 2. Nf3 Nc6 3. Bc4 Nf6 4. d3 Be7 5. O-O O-O 6. Nc3 d6 7. a4 Na5 8. Ba2
Nc6 9. h3 Be6 10. Bxe6 fxe6 11. Ne2 a5 12. Ng3 h6 13. c3 Qd7 14. Re1 Rad8 15.
Bd2 b6 16. b4 axb4 17. cxb4 Ra8 18. Bc3 Nh7 19. b5 Nd8 20. d4 exd4 21. Qxd4 Nf6
22. Qc4 Nb7 23. Bb4 d5 24. exd5 exd5 25. Qc3 Bxb4 26. Qxb4 Nc5 27. Ne5 Qc8 28.
a5 Nfe4 29. Nxe4 dxe4 30. Qc4+ Kh7 31. Ng4 Qf5 32. axb6 Rxa1 33. Rxa1 cxb6 34.
Rf1 Nd3 35. Ne3 Qg6 36. Nd5 Ne5 37. Qc7 Rf5 38. Ne7 Qf7 39. Qb7 Ng6 40. Qxb6
Qxe7 41. Re1 Qd7 42. Qe3 Rxb5 43. Qxe4 Re5 44. Qb1 Rxe1+ 45. Qxe1 Qd3 46. Qe6
Nf4 47. Qe1 Ne2+ 48. Kh2 Qe4 49. Qd1 Qf4+ 50. Kh1 Qc1 51. Qxc1 Nxc1 52. g3 Kg6
53. Kg2 Kf5 54. Kf3 Nd3 55. Ke3 Ne5 56. f4 Nc4+ 57. Kf3 Ke6 58. g4 Kd5 59. h4 g6
60. g5 h5 61. f5 gxf5 62. Kf4 Ke6 63. g6 Kf6 64. g7 Kxg7 65. Kxf5 Kh6 66. Kf6
Nb6 67. Kf5 Nd7 68. Kf4 Nf8 69. Kf3 Ng6 70. Kg3 Kg7 0-1

[Event "Tata Steel IND Blitz Open"]
[Site "Kolkata IND"]
[Date "2023.09.09"]
[Round "13.2"]
[White "Radjabov, Teimour"]
[Black "Harikrishna, Pentala"]
[Result "1/2-1/2"]
[WhiteTitle "GM"]
[BlackTitle "GM"]
[WhiteElo "2745"]
[BlackElo "2711"]
[WhiteFideId "13400924"]
[BlackFideId "5007003"]
[EventDate "2023.09.08"]

1. d4 d5 2. Nf3 Nf6 3. c4 e6 4. Nc3 Nbd7 5. e3 c6 6. Qc2 Bd6 7. b3 O-O 8. Be2 e5
9. cxd5 cxd5 10. Nb5 Bb4+ 11. Bd2 Bxd2+ 12. Nxd2 a6 13. dxe5 Nxe5 14. Nd4 Bg4
15. Bxg4 Nfxg4 16. O-O Rc8 17. Qf5 g6 18. Qf4 Qe7 19. N2f3 Nxf3+ 20. Nxf3 Nf6
21. Rac1 Ne4 22. Nd4 Qf6 23. Qxf6 Nxf6 24. f3 Rfe8 25. Kf2 Nd7 26. Ke2 Nf8 27.
Kd3 Kg7 28. a4 Kf6 29. Rfd1 Ke7 30. h4 h5 31. b4 Kd6 32. b5 Ne6 33. bxa6 bxa6
34. a5 Rc5 35. Rb1 Nxd4 36. exd4 Rxa5 37. Rb6+ Ke7 38. Re1+ Kf8 39. Rxe8+ Kxe8
40. Ke3 Ke7 41. Kf4 f6 42. Rb7+ Kf8 43. g4 Ra4 44. gxh5 Rxd4+ 45. Ke3 Rxh4 46.
hxg6 d4+ 47. Kf2 Kg8 48. Rd7 Rh2+ 49. Kg3 Rh6 50. Rxd4 Rxg6+ 51. Kf4 Rg5 52. Rd6 1/2-1/2

[Event "Tata Steel IND Blitz Open"]
[Site "Kolkata IND"]
[Date "2023.09.09"]
[Round "13.4"]
[White "Keymer, Vincent"]
[Black "Vachier-Lagrave, Maxime"]
[Result "1/2-1/2"]
[WhiteTitle "GM"]
[BlackTitle "GM"]
[WhiteElo "2717"]
[BlackElo "2727"]
[WhiteFideId "12940690"]
[BlackFideId "623539"]
[EventDate "2023.09.08"]

1. c4 e5 2. d3 Nf6 3. Nf3 Nc6 4. a3 d5 5. cxd5 Nxd5 6. e4 Nf6 7. Be2 Bc5 8. Be3
Bb6 9. Nbd2 O-O 10. Qc2 Re8 11. O-O Bxe3 12. fxe3 Ng4 13. Nc4 Be6 14. h3 Bxc4
15. hxg4 Be6 16. g5 Bg4 17. Rac1 Rb8 18. b4 Bxf3 19. Rxf3 Qxg5 20. b5 Ne7 21.
Qb3 c6 22. Qxf7+ Kh8 23. bxc6 bxc6 24. Rcf1 h6 25. Kh2 Rf8 26. Qxf8+ Rxf8 27.
Rxf8+ Kh7 28. R8f3 Ng8 29. Rg3 Qh4+ 30. Rh3 Qe7 31. Bg4 Nf6 32. Bf5+ g6 33. Bc8
Ne8 34. Rhf3 Nd6 35. Bh3 Kg7 36. R3f2 h5 37. Rc1 Qg5 38. Rf3 Kh6 39. Rxc6 Qe7
40. Rf2 a5 41. a4 Qd8 42. Rb2 h4 43. Rf2 Kg7 44. Kh1 Nf7 45. Rff6 Qxf6 46. Rxf6
Kxf6 47. Kg1 Nd6 48. Kf2 Nb7 49. d4 Nd6 50. Kf3 Nc4 51. Ke2 Nb6 52. Kd3 Nxa4 53.
Kc4 Nb2+ 54. Kb5 a4 55. Kb4 Nd1 56. Kxa4 Nxe3 57. d5 Ke7 58. Kb4 g5 59. Kc5 g4
60. d6+ Kd8 61. Kc6 gxh3 62. gxh3 Ng2 63. Kd5 Nf4+ 64. Kxe5 Nxh3 65. Kf5 Ng5 66.
Kg4 h3 67. Kg3 Kd7 68. e5 Ke6 69. Kh2 Nf3+ 70. Kxh3 Nxe5 1/2-1/2

[Event "Tata Steel IND Blitz Open"]
[Site "Kolkata IND"]
[Date "2023.09.09"]
[Round "13.5"]
[White "Gukesh, D"]
[Black "Vidit, Santosh Gujrathi"]
[Result "1-0"]
[WhiteTitle "GM"]
[BlackTitle "GM"]
[WhiteElo "2758"]
[BlackElo "2716"]
[WhiteFideId "46616543"]
[BlackFideId "5029465"]
[EventDate "2023.09.08"]

1. d4 d5 2. Nf3 Nf6 3. e3 c5 4. Bb5+ Bd7 5. Be2 e6 6. O-O Nc6 7. b3 Rc8 8. Bb2
Bd6 9. Nbd2 O-O 10. dxc5 Bxc5 11. c4 Qe7 12. a3 dxc4 13. Nxc4 a6 14. b4 Ba7 15.
Qb1 h6 16. Rd1 Rfd8 17. Qa2 Be8 18. Qb3 Rxd1+ 19. Rxd1 Rd8 20. Rc1 Bb8 21. h3
Ne4 22. Bd3 Nd6 23. Nxd6 Bxd6 24. Bb1 Bb8 25. Qc2 f5 26. Qb3 Kh8 27. e4 Bg6 28.
exf5 Bxf5 29. Bxf5 exf5 30. Re1 Qd7 31. g3 Kh7 32. Nh4 Rf8 33. Qf3 Qf7 34. Ng2
Bc7 35. h4 h5 36. Nf4 Bxf4 37. Qxf4 Rd8 38. a4 Rd5 39. Bc3 Qd7 40. Qg5 Qf7 41.
Qf4 Qd7 42. Qf3 Rd3 43. Qxh5+ Kg8 44. Re8+ 1-0

[Event "Tata Steel IND Blitz Open"]
[Site "Kolkata IND"]
[Date "2023.09.09"]
[Round "14.1"]
[White "Vachier-Lagrave, Maxime"]
[Black "Gukesh, D"]
[Result "1-0"]
[WhiteTitle "GM"]
[BlackTitle "GM"]
[WhiteElo "2727"]
[BlackElo "2758"]
[WhiteFideId "623539"]
[BlackFideId "46616543"]
[EventDate "2023.09.08"]

1. d4 Nf6 2. c4 e6 3. Nc3 Bb4 4. e3 O-O 5. Bd2 d5 6. Nf3 b6 7. cxd5 exd5 8. Bd3
Re8 9. O-O Bd6 10. h3 Bb7 11. Rc1 a6 12. Ne2 Nbd7 13. Nf4 c5 14. dxc5 bxc5 15.
Bf5 Ne5 16. Nxe5 Rxe5 17. Bb1 d4 18. exd4 cxd4 19. Nd3 Re8 20. Bf4 Bxf4 21. Nxf4
Qd6 22. Qd2 g6 23. Rfe1 Be4 24. Bd3 Re7 25. Bf1 Rd8 26. Rc4 Red7 27. Ra4 Bb7 28.
Nd3 Ne4 29. Qa5 Qf6 30. Qe5 Qxe5 31. Nxe5 Re7 32. Nd3 Rc7 33. Be2 Nf6 34. Nf4
Re7 35. Kf1 Ne4 36. Rd1 Red7 37. Nd3 Kg7 38. Bf3 f5 39. Ra5 Rc7 40. Nf4 Rd6 41.
Nd3 Kf6 42. Ra4 g5 43. Ne1 Rcd7 44. Be2 Nc5 45. Ra5 Ne6 46. Bd3 Rd5 47. Rxd5
Bxd5 48. Bxa6 Ra7 49. Bb5 Rxa2 50. Nd3 Ra5 51. Bd7 Bb3 52. Rc1 Nf4 53. Nxf4 gxf4
54. Ke2 Rd5 55. Bc6 Rd8 56. Kd2 Be6 57. b4 Bd5 58. b5 Ke5 59. Bxd5 Rxd5 60. Rb1
Rd8 61. b6 Rb8 62. b7 f3 63. g3 f4 64. g4 Ke4 65. Rb5 h6 66. h4 d3 67. Rb4+ Ke5
68. Kxd3 1-0

[Event "Tata Steel IND Blitz Open"]
[Site "Kolkata IND"]
[Date "2023.09.09"]
[Round "14.3"]
[White "Grischuk, Alexander"]
[Black "Radjabov, Teimour"]
[Result "1/2-1/2"]
[WhiteTitle "GM"]
[BlackTitle "GM"]
[WhiteElo "2732"]
[BlackElo "2745"]
[WhiteFideId "4126025"]
[BlackFideId "13400924"]
[EventDate "2023.09.08"]

1. d4 Nf6 2. c4 e6 3. Bg5 d5 4. e3 Be7 5. Nc3 O-O 6. Qc2 Nbd7 7. cxd5 exd5 8.
Bd3 Re8 9. Nf3 c6 10. O-O Nf8 11. h3 Nh5 12. Bxe7 Qxe7 13. Rab1 a5 14. a3 Qf6
15. Ne5 Ng6 16. f4 Ng3 17. Rf3 Nf5 18. g4 Ngh4 19. gxf5 Nxf3+ 20. Nxf3 Rxe3 21.
Rf1 Bd7 22. Nd1 Re7 23. Ne5 Qd6 24. Qc5 Qxc5 25. dxc5 f6 26. Nf3 b6 27. cxb6 Rb8
28. Nc3 Rxb6 29. Na4 Rb8 30. Kf2 Be8 31. Rc1 Rb3 32. Bc2 Rb8 33. Nd4 c5 34. Nxc5
Rxb2 35. Na4 Ra2 36. Nc3 Rb2 37. Nd1 Ra2 38. Nc3 Rb2 39. Nd1 Ra2 40. Nc3 1/2-1/2

[Event "Tata Steel IND Blitz Open"]
[Site "Kolkata IND"]
[Date "2023.09.09"]
[Round "14.4"]
[White "Harikrishna, Pentala"]
[Black "Praggnanandhaa, R"]
[Result "1/2-1/2"]
[WhiteTitle "GM"]
[BlackTitle "GM"]
[WhiteElo "2711"]
[BlackElo "2727"]
[WhiteFideId "5007003"]
[BlackFideId "25059530"]
[EventDate "2023.09.08"]

1. d4 Nf6 2. Nf3 d5 3. c3 e6 4. Bg5 h6 5. Bxf6 Qxf6 6. Nbd2 Qd8 7. e4 Be7 8. Bd3
b6 9. O-O Bb7 10. Re1 O-O 11. e5 c5 12. Rc1 Nd7 13. Nf1 Qc7 14. Ng3 Rfc8 15. Qd2
Qd8 16. Nh5 cxd4 17. cxd4 Rxc1 18. Qxc1 Rc8 19. Qf4 Rc7 20. h4 Bf8 21. Kh2 Qc8
22. a3 Ba6 23. Bb1 Qe8 24. Qg4 Kh8 25. Nf4 Be7 26. Ng5 Nf8 27. Qh5 Bd8 28. Re3
Bb5 29. Rf3 Kg8 30. Rh3 Ba4 31. Rg3 Kh8 32. Rf3 Kg8 33. b3 Bb5 34. a4 Bc6 35.
Rh3 a5 36. Rg3 Kh8 37. Rc3 Kg8 38. Rg3 Kh8 39. Rf3 Kg8 40. Rg3 Kh8 1/2-1/2